000 01020cam a22003134a 4500
001 12795456
003 OSt
005 20240513173520.0
008 020530s2003 moua b 001 0 eng
010 _a 2002071828
020 _a0323011365
035 _a(DNLM)101146688
040 _aDNLM/DLC
_cDLC
_dDLC
042 _apcc
050 0 0 _aRE67
_b.A32 2003
060 1 0 _aWW 103
_bA238 2002
082 0 0 _aWW 103 A23p 2002
_221
100 _aEdited by Kaufman, Paul L.; Alm, A.; Adler, Francis Heed,
_916980
245 0 0 _aAdler's Physiology of the Eye :
_bclinical application
250 _a10th ed.
260 _aSt. Louis;
_bMosby,
_cc2003.
300 _axvii, 876 p. :
_bill. ;
_c27 cm.
504 _aIncludes bibliographical references, & index.
650 0 _aEye Physiology
_94752
650 1 2 _aOcular Physiology.
_94753
906 _a7
_bcbc
_corignew
_d1
_eocip
_f20
_gy-gencatlg
942 _2z
_cSLOAN
999 _c1805
_d1805